[Event "European Women's Championship"]
[Site "Vysoke Tatry"]
[Date "2018.04.08"]
[Round "1"]
[White "Kantane, Anna"]
[Black "Javakhishvili, Lela"]
[Result "0-1"]
[Board "15"]
[WhiteElo "2266"]
[WhiteTitle "WIM"]
[WhiteCountry "POL"]
[WhiteFideId "1135988"]
[WhiteEloChange "-5"]
[BlackElo "2467"]
[BlackTitle "IM"]
[BlackCountry "GEO"]
[BlackFideId "13601458"]
[BlackEloChange "2"]

1. e4 {[%clk 1:30:56]} c5 {[%clk 1:30:53]} 2. Nf3 {[%clk 1:31:12]} e6 {[%clk
1:31:18]} 3. d4 {[%clk 1:31:35]} cxd4 {[%clk 1:31:42]} 4. Nxd4 {[%clk 1:31:59]}
a6 {[%clk 1:32:08]} 5. c4 {[%clk 1:32:12]} Nf6 {[%clk 1:32:32]} 6. Nc3 {[%clk
1:32:22]} Qc7 {[%clk 1:32:44]} 7. a3 {[%clk 1:32:31]} b6 {[%clk 1:33:08]} 8. Be3
{[%clk 1:32:19]} Bb7 {[%clk 1:33:30]} 9. f3 {[%clk 1:32:38]} Be7 {[%clk 1:33:55]}
10. Be2 {[%clk 1:33:01]} d6 {[%clk 1:34:20]} 11. O-O {[%clk 1:32:47]} O-O {[%clk
1:34:44]} 12. Qd2 {[%clk 1:33:07]} Nbd7 {[%clk 1:35:08]} 13. a4 {[%clk 1:32:47]}
Rab8 {[%clk 1:35:18]} 14. Rfc1 {[%clk 1:17:25]} Rfc8 {[%clk 1:34:51]} 15. Nd1
{[%clk 1:08:41]} Bd8 {[%clk 1:31:36]} 16. b4 {[%clk 1:04:46]} Ne5 {[%clk
1:22:31]} 17. a5 {[%clk 0:41:22]} bxa5 {[%clk 1:19:17]} 18. Rxa5 {[%clk 0:40:09]}
Qe7 {[%clk 1:11:15]} 19. Ra3 {[%clk 0:36:09]} Nfd7 {[%clk 1:08:38]} 20. Nb2
{[%clk 0:27:12]} g5 {[%clk 0:58:52]} 21. Rd1 {[%clk 0:24:25]} Qf6 {[%clk
0:55:36]} 22. b5 {[%clk 0:19:34]} Nc5 {[%clk 0:48:59]} 23. bxa6 {[%clk 0:15:07]}
Bxa6 {[%clk 0:47:55]} 24. Nb5 {[%clk 0:13:52]} Rc6 {[%clk 0:31:23]} 25. Bd4
{[%clk 0:02:59]} Qe7 {[%clk 0:24:12]} 26. f4 {[%clk 0:01:56]} Ng6 {[%clk
0:09:09]} 27. e5 {[%clk 0:01:42]} d5 {[%clk 0:03:02]} 28. f5 {[%clk 0:01:20]} Nf4
{[%clk 0:01:56]} 29. f6 {[%clk 0:00:58]} Qd7 {[%clk 0:01:48]} 30. Bxc5 {[%clk
0:00:49]} Bxb5 {[%clk 0:02:01]} 31. Ba7 {[%clk 0:00:37]} Rbc8 {[%clk 0:01:57]}
32. Be3 {[%clk 0:00:42]} Ng6 {[%clk 0:01:31]} 33. Bxg5 {[%clk 0:00:38]} Qc7
{[%clk 0:00:49]} 34. cxb5 {[%clk 0:00:32]} Rc2 {[%clk 0:01:16]} 35. Qe3 {[%clk
0:00:33]} Rxb2 {[%clk 0:01:33]} 36. Qh3 {[%clk 0:00:34]} Rxe2 {[%clk 0:01:20]}
37. Kf1 {[%clk 0:00:37]} Rxe5 {[%clk 0:01:16]} 38. Qh6 {[%clk 0:00:40]} Rf5+
{[%clk 0:01:09]} 39. Rf3 {[%clk 0:00:45]} Qc4+ {[%clk 0:01:06]} 40. Kg1 {[%clk
0:30:37]} Qc5+ {[%clk 0:31:00]} 41. Be3 {[%clk 0:26:25]} Qf8 {[%clk 0:31:06]} 42.
Qh3 {[%clk 0:26:44]} Rxf6 {[%clk 0:29:46]} 0-1

[Event "European Women's Championship"]
[Site "Vysoke Tatry"]
[Date "2018.04.08"]
[Round "1"]
[White "Bodnaruk, Anastasia"]
[Black "Ionescu, Irina"]
[Result "0-1"]
[Board "16"]
[WhiteElo "2460"]
[WhiteTitle "IM"]
[WhiteCountry "RUS"]
[WhiteFideId "4181751"]
[WhiteEloChange "-8"]
[BlackElo "2247"]
[BlackTitle "WGM"]
[BlackCountry "ROU"]
[BlackFideId "1204750"]
[BlackEloChange "15"]

1. e4 {[%clk 1:30:57]} d6 {[%clk 1:30:39]} 2. d4 {[%clk 1:31:21]} Nf6 {[%clk
1:31:03]} 3. Nc3 {[%clk 1:31:47]} e5 {[%clk 1:31:09]} 4. Nf3 {[%clk 1:32:00]}
Nbd7 {[%clk 1:31:17]} 5. Bc4 {[%clk 1:32:18]} Be7 {[%clk 1:31:41]} 6. O-O {[%clk
1:32:32]} O-O {[%clk 1:31:59]} 7. a4 {[%clk 1:32:24]} a5 {[%clk 1:27:24]} 8. Re1
{[%clk 1:30:00]} b6 {[%clk 1:27:25]} 9. Nd5 {[%clk 1:10:07]} Bb7 {[%clk 1:25:43]}
10. Ba2 {[%clk 1:02:04]} Nxd5 {[%clk 1:19:13]} 11. exd5 {[%clk 1:02:01]} e4
{[%clk 1:15:51]} 12. Nd2 {[%clk 1:00:17]} f5 {[%clk 1:14:36]} 13. f3 {[%clk
0:52:40]} Bh4 {[%clk 1:03:39]} 14. g3 {[%clk 0:47:53]} e3 {[%clk 1:01:23]} 15.
Nf1 {[%clk 0:25:44]} f4 {[%clk 1:00:41]} 16. gxh4 {[%clk 0:20:10]} Qxh4 {[%clk
1:00:12]} 17. Qe2 {[%clk 0:19:41]} Rf5 {[%clk 0:58:12]} 18. Kh1 {[%clk 0:19:43]}
Nf6 {[%clk 0:51:08]} 19. Bxe3 {[%clk 0:17:11]} fxe3 {[%clk 0:50:47]} 20. Nxe3
{[%clk 0:17:38]} Rh5 {[%clk 0:50:21]} 21. Ng4 {[%clk 0:14:48]} Rf8 {[%clk
0:35:45]} 22. c4 {[%clk 0:09:39]} Bc8 {[%clk 0:34:47]} 23. Rf1 {[%clk 0:05:12]}
Nxg4 {[%clk 0:23:38]} 24. fxg4 {[%clk 0:05:35]} Bxg4 {[%clk 0:23:18]} 25. Rxf8+
{[%clk 0:02:19]} Kxf8 {[%clk 0:23:42]} 26. Rf1+ {[%clk 0:02:11]} Rf5 {[%clk
0:23:32]} 27. Rxf5+ {[%clk 0:01:18]} Bxf5 {[%clk 0:23:55]} 28. Qf3 {[%clk
0:00:36]} g6 {[%clk 0:23:23]} 29. Bb3 {[%clk 0:00:35]} Kg7 {[%clk 0:20:10]} 30.
Qe3 {[%clk 0:00:46]} Qg4 {[%clk 0:18:58]} 31. Qg3 {[%clk 0:00:37]} Qe2 {[%clk
0:18:54]} 32. Kg1 {[%clk 0:00:37]} Qxb2 {[%clk 0:18:27]} 33. Qe3 {[%clk 0:01:02]}
Kf6 {[%clk 0:11:49]} 34. h4 {[%clk 0:00:35]} Qb1+ {[%clk 0:11:47]} 35. Kf2 {[%clk
0:00:33]} Qe4 {[%clk 0:08:56]} 36. Qg5+ {[%clk 0:00:39]} Kf7 {[%clk 0:09:06]} 37.
Qd8 {[%clk 0:00:35]} Qxd4+ {[%clk 0:09:13]} 38. Kf3 {[%clk 0:00:33]} Be4+ {[%clk
0:07:57]} 39. Ke2 {[%clk 0:00:34]} Qd3+ {[%clk 0:05:14]} 40. Kf2 {[%clk 0:30:43]}
Qf3+ {[%clk 0:34:47]} 41. Ke1 {[%clk 0:31:10]} Qe3+ {[%clk 0:24:17]} 42. Kf1
{[%clk 0:31:25]} Bd3+ {[%clk 0:24:23]} 43. Kg2 {[%clk 0:31:50]} Qe7 {[%clk
0:21:28]} 44. Qb8 {[%clk 0:31:04]} Kf6 {[%clk 0:20:58]} 45. Qc8 {[%clk 0:29:30]}
Qe2+ {[%clk 0:20:10]} 46. Kg3 {[%clk 0:29:47]} Qe1+ {[%clk 0:20:32]} 47. Kf3
{[%clk 0:29:38]} Be2+ {[%clk 0:18:15]} 48. Kf4 {[%clk 0:29:12]} Qf2+ {[%clk
0:18:30]} 49. Ke4 {[%clk 0:29:37]} Qf3+ {[%clk 0:18:51]} 0-1

[Event "European Women's Championship"]
[Site "Vysoke Tatry"]
[Date "2018.04.08"]
[Round "1"]
[White "Velikic, Adela"]
[Black "Atalik, Ekaterina"]
[Result "1-0"]
[Board "17"]
[WhiteElo "2241"]
[WhiteTitle "WIM"]
[WhiteCountry "SRB"]
[WhiteFideId "913553"]
[WhiteEloChange "15"]
[BlackElo "2452"]
[BlackTitle "IM"]
[BlackCountry "TUR"]
[BlackFideId "4130189"]
[BlackEloChange "-8"]

1. e4 {[%clk 1:30:57]} c5 {[%clk 1:30:48]} 2. Nf3 {[%clk 1:31:21]} Nc6 {[%clk
1:31:10]} 3. d4 {[%clk 1:31:44]} cxd4 {[%clk 1:31:18]} 4. Nxd4 {[%clk 1:32:07]}
e5 {[%clk 1:31:31]} 5. Nb5 {[%clk 1:32:29]} d6 {[%clk 1:31:41]} 6. N1c3 {[%clk
1:32:49]} a6 {[%clk 1:31:43]} 7. Na3 {[%clk 1:33:12]} Be7 {[%clk 1:31:20]} 8. Nc4
{[%clk 1:33:33]} Nf6 {[%clk 1:30:20]} 9. Bg5 {[%clk 1:31:50]} O-O {[%clk
1:28:48]} 10. Bxf6 {[%clk 1:28:54]} Bxf6 {[%clk 1:28:52]} 11. Qxd6 {[%clk
1:28:19]} Be6 {[%clk 1:20:01]} 12. Qxd8 {[%clk 1:20:15]} Raxd8 {[%clk 1:15:24]}
13. Ne3 {[%clk 1:05:07]} Bg5 {[%clk 1:12:08]} 14. a3 {[%clk 0:39:15]} g6 {[%clk
1:00:10]} 15. h4 {[%clk 0:28:06]} Bh6 {[%clk 0:59:06]} 16. Bd3 {[%clk 0:24:49]}
f5 {[%clk 0:55:01]} 17. h5 {[%clk 0:15:05]} Kg7 {[%clk 0:51:47]} 18. hxg6 {[%clk
0:11:09]} hxg6 {[%clk 0:51:43]} 19. Rd1 {[%clk 0:06:02]} Nd4 {[%clk 0:48:43]} 20.
Ne2 {[%clk 0:02:42]} b5 {[%clk 0:42:11]} 21. exf5 {[%clk 0:02:08]} gxf5 {[%clk
0:40:18]} 22. c3 {[%clk 0:00:59]} Nc6 {[%clk 0:36:57]} 23. Ng3 {[%clk 0:00:45]}
Ne7 {[%clk 0:32:09]} 24. Nh5+ {[%clk 0:00:46]} Kg8 {[%clk 0:31:34]} 25. Be2
{[%clk 0:00:57]} Rxd1+ {[%clk 0:27:28]} 26. Bxd1 {[%clk 0:01:26]} Bg5 {[%clk
0:23:35]} 27. g3 {[%clk 0:00:53]} Bxe3 {[%clk 0:19:07]} 28. fxe3 {[%clk 0:01:21]}
Nd5 {[%clk 0:17:59]} 29. Bb3 {[%clk 0:01:03]} Kf7 {[%clk 0:16:03]} 30. e4 {[%clk
0:00:43]} Nc7 {[%clk 0:11:59]} 31. Bxe6+ {[%clk 0:01:03]} Nxe6 {[%clk 0:12:22]}
32. exf5 {[%clk 0:00:42]} Nc5 {[%clk 0:12:25]} 33. g4 {[%clk 0:00:39]} Ne4 {[%clk
0:10:41]} 34. Ke2 {[%clk 0:00:47]} Rd8 {[%clk 0:09:55]} 35. Ke3 {[%clk 0:01:05]}
Ng5 {[%clk 0:09:52]} 36. Ng3 {[%clk 0:01:17]} e4 {[%clk 0:09:23]} 37. Kf4 {[%clk
0:01:18]} Rd3 {[%clk 0:09:38]} 38. Nxe4 {[%clk 0:00:59]} Nh3+ {[%clk 0:09:52]}
39. Rxh3 {[%clk 0:01:16]} 1-0

[Event "European Women's Championship"]
[Site "Vysoke Tatry"]
[Date "2018.04.08"]
[Round "1"]
[White "Kashlinskaya, Alina"]
[Black "Sandu, Mihaela"]
[Result "1-0"]
[Board "18"]
[WhiteElo "2450"]
[WhiteTitle "IM"]
[WhiteCountry "RUS"]
[WhiteFideId "4198026"]
[WhiteEloChange "2"]
[BlackElo "2240"]
[BlackTitle "WGM"]
[BlackCountry "ROU"]
[BlackFideId "1204327"]
[BlackEloChange "-5"]

1. d4 {[%clk 1:30:57]} Nf6 {[%clk 1:30:36]} 2. c4 {[%clk 1:31:18]} g6 {[%clk
1:30:58]} 3. Nc3 {[%clk 1:31:41]} Bg7 {[%clk 1:31:23]} 4. e4 {[%clk 1:32:01]} d6
{[%clk 1:31:47]} 5. Nf3 {[%clk 1:32:17]} O-O {[%clk 1:31:45]} 6. Be2 {[%clk
1:32:40]} e5 {[%clk 1:31:56]} 7. O-O {[%clk 1:32:56]} Nbd7 {[%clk 1:29:27]} 8.
Be3 {[%clk 1:31:20]} exd4 {[%clk 1:24:59]} 9. Nxd4 {[%clk 1:31:40]} Re8 {[%clk
1:25:17]} 10. Qc2 {[%clk 1:30:31]} Ne5 {[%clk 1:14:21]} 11. Rad1 {[%clk 1:21:22]}
Bd7 {[%clk 1:09:42]} 12. f3 {[%clk 1:18:26]} a6 {[%clk 1:04:22]} 13. Qd2 {[%clk
1:15:48]} Qb8 {[%clk 0:58:29]} 14. a4 {[%clk 1:04:05]} Qc8 {[%clk 0:48:31]} 15.
Bh6 {[%clk 0:58:11]} Bh8 {[%clk 0:43:10]} 16. Bg5 {[%clk 0:57:48]} Nc6 {[%clk
0:43:10]} 17. Nc2 {[%clk 0:51:22]} Bg7 {[%clk 0:37:12]} 18. Kh1 {[%clk 0:48:50]}
Be6 {[%clk 0:35:57]} 19. f4 {[%clk 0:45:23]} Bg4 {[%clk 0:34:22]} 20. Bxg4 {[%clk
0:44:28]} Qxg4 {[%clk 0:31:26]} 21. Bxf6 {[%clk 0:38:38]} Bxf6 {[%clk 0:31:51]}
22. Nd5 {[%clk 0:38:47]} Bd8 {[%clk 0:32:02]} 23. Rde1 {[%clk 0:33:20]} Kg7
{[%clk 0:21:15]} 24. f5 {[%clk 0:27:49]} f6 {[%clk 0:19:43]} 25. Nf4 {[%clk
0:21:04]} g5 {[%clk 0:16:54]} 26. Ne3 {[%clk 0:21:05]} Qxf4 {[%clk 0:16:26]} 27.
Rxf4 {[%clk 0:21:25]} gxf4 {[%clk 0:16:50]} 28. Nd5 {[%clk 0:20:54]} Ne5 {[%clk
0:14:37]} 29. b3 {[%clk 0:18:27]} Kh8 {[%clk 0:14:02]} 30. Nxf4 {[%clk 0:18:07]}
Rc8 {[%clk 0:12:03]} 31. Re3 {[%clk 0:16:40]} Rg8 {[%clk 0:12:27]} 32. Rh3 {[%clk
0:15:38]} Be7 {[%clk 0:12:32]} 33. Nd5 {[%clk 0:15:43]} Rg7 {[%clk 0:12:19]} 34.
Rg3 {[%clk 0:10:13]} Rxg3 {[%clk 0:10:16]} 35. hxg3 {[%clk 0:10:36]} Re8 {[%clk
0:06:27]} 36. Qh6 {[%clk 0:09:56]} Nf7 {[%clk 0:04:28]} 37. Qh5 {[%clk 0:10:18]}
Kg7 {[%clk 0:04:46]} 38. Nxc7 {[%clk 0:10:38]} 1-0

[Event "European Women's Championship"]
[Site "Vysoke Tatry"]
[Date "2018.04.08"]
[Round "1"]
[White "Novosadova, Kristyna"]
[Black "Zawadzka, Jolanta"]
[Result "1/2-1/2"]
[Board "19"]
[WhiteElo "2240"]
[WhiteCountry "CZE"]
[WhiteFideId "328065"]
[WhiteEloChange "5"]
[BlackElo "2442"]
[BlackTitle "WGM"]
[BlackCountry "POL"]
[BlackFideId "1122320"]
[BlackEloChange "-3"]

1. e4 {[%clk 1:30:55]} e5 {[%clk 1:30:51]} 2. Nf3 {[%clk 1:31:18]} Nc6 {[%clk
1:31:16]} 3. Bb5 {[%clk 1:31:40]} Bc5 {[%clk 1:31:40]} 4. O-O {[%clk 1:28:21]}
Nd4 {[%clk 1:31:54]} 5. Nxd4 {[%clk 1:28:02]} Bxd4 {[%clk 1:32:16]} 6. c3 {[%clk
1:27:18]} Bb6 {[%clk 1:32:38]} 7. Bc4 {[%clk 1:26:32]} d6 {[%clk 1:26:52]} 8. d4
{[%clk 1:24:39]} c6 {[%clk 1:24:43]} 9. dxe5 {[%clk 1:06:54]} dxe5 {[%clk
1:24:58]} 10. Qe2 {[%clk 1:02:38]} Qh4 {[%clk 1:15:14]} 11. Be3 {[%clk 0:57:07]}
Nf6 {[%clk 1:09:37]} 12. g3 {[%clk 0:36:55]} Qh3 {[%clk 1:06:07]} 13. Bxb6 {[%clk
0:36:52]} axb6 {[%clk 1:06:13]} 14. Na3 {[%clk 0:33:47]} O-O {[%clk 0:56:03]} 15.
Rfd1 {[%clk 0:28:28]} b5 {[%clk 0:42:35]} 16. Bb3 {[%clk 0:27:24]} Be6 {[%clk
0:41:38]} 17. c4 {[%clk 0:22:11]} bxc4 {[%clk 0:26:36]} 18. Nxc4 {[%clk 0:22:11]}
Bxc4 {[%clk 0:27:01]} 19. Bxc4 {[%clk 0:22:24]} Rfd8 {[%clk 0:25:31]} 20. f3
{[%clk 0:18:05]} g6 {[%clk 0:22:58]} 21. Qe3 {[%clk 0:17:35]} Kg7 {[%clk
0:18:37]} 22. Qc3 {[%clk 0:12:18]} Rxd1+ {[%clk 0:15:24]} 23. Rxd1 {[%clk
0:12:42]} Re8 {[%clk 0:15:46]} 24. Qb4 {[%clk 0:10:25]} Qc8 {[%clk 0:14:17]} 25.
Qd6 {[%clk 0:10:06]} h5 {[%clk 0:14:14]} 26. b4 {[%clk 0:09:32]} Qb8 {[%clk
0:08:08]} 27. Qxb8 {[%clk 0:07:57]} Rxb8 {[%clk 0:08:33]} 28. Kf2 {[%clk
0:07:16]} Ra8 {[%clk 0:08:23]} 29. Bb3 {[%clk 0:07:23]} Kf8 {[%clk 0:08:17]} 30.
Ke3 {[%clk 0:06:00]} Ke7 {[%clk 0:08:39]} 31. h3 {[%clk 0:05:56]} Ne8 {[%clk
0:06:40]} 32. b5 {[%clk 0:05:28]} Nd6 {[%clk 0:03:32]} 33. bxc6 {[%clk 0:05:46]}
bxc6 {[%clk 0:04:01]} 34. Rc1 {[%clk 0:05:45]} Ra6 {[%clk 0:04:17]} 35. Rc5
{[%clk 0:05:57]} f6 {[%clk 0:04:20]} 36. f4 {[%clk 0:04:24]} Nb7 {[%clk 0:03:53]}
37. Rc4 {[%clk 0:03:32]} Kd6 {[%clk 0:03:33]} 38. Rb4 {[%clk 0:03:25]} Nc5 {[%clk
0:02:22]} 39. Rb8 {[%clk 0:02:00]} Ra3 {[%clk 0:02:43]} 40. fxe5+ {[%clk
0:31:22]} fxe5 {[%clk 0:32:25]} 41. h4 {[%clk 0:20:11]} Kc7 {[%clk 0:17:46]} 42.
Rb4 {[%clk 0:18:41]} Nxb3 {[%clk 0:13:09]} 43. axb3 {[%clk 0:19:04]} Ra1 {[%clk
0:13:27]} 44. Rc4 {[%clk 0:14:18]} Rb1 {[%clk 0:13:13]} 45. b4 {[%clk 0:13:22]}
Rb3+ {[%clk 0:13:37]} 46. Kf2 {[%clk 0:13:42]} Kd6 {[%clk 0:13:22]} 47. Kg2
{[%clk 0:13:15]} Re3 {[%clk 0:13:39]} 48. Kf2 {[%clk 0:10:13]} Rd3 {[%clk
0:14:02]} 49. Kg2 {[%clk 0:10:13]} Rd4 {[%clk 0:07:13]} 50. Rxd4+ {[%clk
0:10:37]} exd4 {[%clk 0:07:40]} 51. Kf2 {[%clk 0:10:25]} Ke5 {[%clk 0:07:45]} 52.
Kf3 {[%clk 0:10:47]} d3 {[%clk 0:07:39]} 53. Ke3 {[%clk 0:11:09]} d2 {[%clk
0:08:05]} 54. Kxd2 {[%clk 0:11:35]} Kxe4 {[%clk 0:08:22]} 55. Kc3 {[%clk
0:08:05]} Kf3 {[%clk 0:07:37]} 56. Kc4 {[%clk 0:08:26]} Kxg3 {[%clk 0:07:56]} 57.
Kc5 {[%clk 0:08:45]} Kxh4 {[%clk 0:08:22]} 58. Kxc6 {[%clk 0:09:08]} g5 {[%clk
0:08:47]} 59. b5 {[%clk 0:09:34]} g4 {[%clk 0:09:08]} 60. b6 {[%clk 0:09:59]} g3
{[%clk 0:09:33]} 61. b7 {[%clk 0:10:06]} g2 {[%clk 0:09:58]} 62. b8Q {[%clk
0:10:26]} g1Q {[%clk 0:10:23]} 63. Qf4+ {[%clk 0:05:08]} Qg4 {[%clk 0:10:47]} 64.
Qh2+ {[%clk 0:05:12]} Kg5 {[%clk 0:11:11]} 65. Qe5+ {[%clk 0:04:06]} Qf5 {[%clk
0:10:45]} 66. Qg3+ {[%clk 0:04:06]} Kh6 {[%clk 0:10:34]} 67. Qh4 {[%clk 0:01:57]}
Qg6+ {[%clk 0:09:58]} 68. Kc7 {[%clk 0:01:19]} Qg5 {[%clk 0:09:51]} 69. Qh3
{[%clk 0:00:43]} Qe7+ {[%clk 0:09:00]} 70. Kc6 {[%clk 0:00:55]} h4 {[%clk
0:08:39]} 71. Kd5 {[%clk 0:00:55]} Qe1 {[%clk 0:06:02]} 72. Kd4 {[%clk 0:00:53]}
Qb4+ {[%clk 0:04:17]} 73. Ke5 {[%clk 0:00:55]} Qb8+ {[%clk 0:03:21]} 74. Ke4
{[%clk 0:01:11]} Qb7+ {[%clk 0:03:36]} 75. Kf4 {[%clk 0:00:56]} Qf7+ {[%clk
0:04:00]} 76. Kg4 {[%clk 0:00:34]} Qh5+ {[%clk 0:04:14]} 77. Kf4 {[%clk 0:01:00]}
Qg5+ {[%clk 0:04:36]} 78. Ke4 {[%clk 0:01:08]} Qf6 {[%clk 0:04:27]} 79. Qe3+
{[%clk 0:00:54]} Kg6 {[%clk 0:04:54]} 80. Qg1+ {[%clk 0:01:11]} Kh6 {[%clk
0:04:16]} 81. Qg4 {[%clk 0:01:00]} Qc6+ {[%clk 0:04:03]} 82. Kf4 {[%clk 0:01:09]}
Qd6+ {[%clk 0:04:23]} 83. Kf3 {[%clk 0:00:49]} Qd1+ {[%clk 0:04:33]} 84. Kf4
{[%clk 0:01:09]} Qf1+ {[%clk 0:04:56]} 85. Qf3 {[%clk 0:01:15]} Qc4+ {[%clk
0:05:08]} 86. Kf5 {[%clk 0:01:17]} Qc5+ {[%clk 0:05:08]} 87. Kg4 {[%clk 0:00:54]}
Qh5+ {[%clk 0:05:34]} 88. Kf4 {[%clk 0:01:21]} Qg5+ {[%clk 0:05:58]} 89. Ke4
{[%clk 0:01:40]} Kg6 {[%clk 0:06:20]} 90. Qf4 {[%clk 0:01:25]} Qg2+ {[%clk
0:06:25]} 91. Ke3 {[%clk 0:01:11]} h3 {[%clk 0:03:09]} 92. Qd6+ {[%clk 0:01:40]}
Kh5 {[%clk 0:03:13]} 93. Qe5+ {[%clk 0:01:35]} Qg5+ {[%clk 0:03:06]} 94. Qxg5+
{[%clk 0:01:59]} Kxg5 {[%clk 0:03:31]} 95. Kf2 {[%clk 0:02:25]} Kf4 {[%clk
0:03:58]} 96. Kg1 {[%clk 0:02:51]} Kg3 {[%clk 0:04:23]} 97. Kh1 {[%clk 0:03:18]}
1/2-1/2

[Event "European Women's Championship"]
[Site "Vysoke Tatry"]
[Date "2018.04.08"]
[Round "1"]
[White "Hoang, Thanh Trang"]
[Black "Maltsevskaya, Aleksandra"]
[Result "1/2-1/2"]
[Board "20"]
[WhiteElo "2437"]
[WhiteTitle "GM"]
[WhiteCountry "HUN"]
[WhiteFideId "12400149"]
[WhiteEloChange "-3"]
[BlackElo "2237"]
[BlackCountry "RUS"]
[BlackFideId "24174041"]
[BlackEloChange "5"]

1. d4 {[%clk 1:30:51]} Nf6 {[%clk 1:30:50]} 2. Bg5 {[%clk 1:30:44]} Ne4 {[%clk
1:31:08]} 3. Bf4 {[%clk 1:30:59]} d5 {[%clk 1:31:24]} 4. e3 {[%clk 1:30:39]} c5
{[%clk 1:31:43]} 5. Bd3 {[%clk 1:30:31]} cxd4 {[%clk 1:32:00]} 6. Bxe4 {[%clk
1:25:29]} dxe4 {[%clk 1:32:21]} 7. exd4 {[%clk 1:25:42]} Nc6 {[%clk 1:31:41]} 8.
Ne2 {[%clk 1:22:32]} Bg4 {[%clk 1:32:01]} 9. Nbc3 {[%clk 1:21:27]} e6 {[%clk
1:32:09]} 10. Nxe4 {[%clk 1:09:32]} Bxe2 {[%clk 1:32:27]} 11. Qxe2 {[%clk
1:09:53]} Nxd4 {[%clk 1:32:51]} 12. Qd3 {[%clk 1:06:03]} Nc6 {[%clk 1:33:10]} 13.
O-O-O {[%clk 0:59:24]} Qxd3 {[%clk 1:33:33]} 14. Rxd3 {[%clk 0:59:39]} Nb4 {[%clk
1:33:56]} 15. Rd2 {[%clk 0:53:07]} Nd5 {[%clk 1:13:38]} 16. Bg3 {[%clk 0:48:53]}
Be7 {[%clk 1:13:49]} 17. Nd6+ {[%clk 0:40:36]} Bxd6 {[%clk 1:14:07]} 18. Bxd6
{[%clk 0:40:58]} O-O-O {[%clk 1:14:00]} 19. Be5 {[%clk 0:36:11]} f6 {[%clk
1:12:12]} 20. Bd4 {[%clk 0:35:45]} Nb4 {[%clk 1:09:39]} 21. Bxa7 {[%clk 0:31:16]}
Nxa2+ {[%clk 1:09:58]} 22. Kd1 {[%clk 0:31:36]} Nb4 {[%clk 1:08:57]} 23. Bc5
{[%clk 0:29:54]} Rxd2+ {[%clk 1:08:08]} 24. Kxd2 {[%clk 0:30:15]} Rd8+ {[%clk
1:08:34]} 25. Ke2 {[%clk 0:26:26]} Nd5 {[%clk 1:07:38]} 26. g3 {[%clk 0:25:25]}
Rd7 {[%clk 1:05:41]} 27. Rc1 {[%clk 0:23:40]} b6 {[%clk 0:59:57]} 28. Ba3 {[%clk
0:22:30]} e5 {[%clk 1:00:07]} 29. c4 {[%clk 0:21:41]} Nc7 {[%clk 1:00:32]} 30.
Rd1 {[%clk 0:14:37]} Ne6 {[%clk 0:59:15]} 31. Rxd7 {[%clk 0:14:33]} Kxd7 {[%clk
0:59:44]} 32. b4 {[%clk 0:13:49]} b5 {[%clk 0:58:17]} 33. cxb5 {[%clk 0:12:47]}
Nd4+ {[%clk 0:58:42]} 34. Kd3 {[%clk 0:12:56]} Nxb5 {[%clk 0:59:05]} 35. Bc1
{[%clk 0:12:51]} Kc6 {[%clk 0:59:30]} 36. Be3 {[%clk 0:12:47]} Kd5 {[%clk
0:58:47]} 37. Bc5 {[%clk 0:11:25]} f5 {[%clk 0:56:44]} 38. f3 {[%clk 0:09:16]} g6
{[%clk 0:56:39]} 39. h3 {[%clk 0:06:58]} Nc7 {[%clk 0:53:19]} 40. Bb6 {[%clk
0:33:54]} Ne6 {[%clk 1:21:25]} 41. Be3 {[%clk 0:29:13]} Nc7 {[%clk 1:19:57]} 42.
Bb6 {[%clk 0:26:47]} Ne6 {[%clk 1:19:22]} 43. Be3 {[%clk 0:27:09]} Nc7 {[%clk
1:10:27]} 1/2-1/2

[Event "European Women's Championship"]
[Site "Vysoke Tatry"]
[Date "2018.04.08"]
[Round "1"]
[White "Solozhenkina, Elizaveta"]
[Black "Tsolakidou, Stavroula"]
[Result "1/2-1/2"]
[Board "21"]
[WhiteElo "2236"]
[WhiteTitle "WIM"]
[WhiteCountry "RUS"]
[WhiteFideId "34106615"]
[WhiteEloChange "5"]
[BlackElo "2430"]
[BlackTitle "WGM"]
[BlackCountry "GRE"]
[BlackFideId "4264312"]
[BlackEloChange "-3"]

1. e4 {[%clk 1:30:58]} c5 {[%clk 1:30:54]} 2. Nf3 {[%clk 1:31:23]} e6 {[%clk
1:31:19]} 3. Nc3 {[%clk 1:29:58]} Nc6 {[%clk 1:31:33]} 4. d4 {[%clk 1:30:23]}
cxd4 {[%clk 1:31:58]} 5. Nxd4 {[%clk 1:30:51]} Qc7 {[%clk 1:32:21]} 6. Be3 {[%clk
1:29:34]} a6 {[%clk 1:32:43]} 7. Qf3 {[%clk 1:29:19]} d6 {[%clk 1:32:55]} 8.
O-O-O {[%clk 1:11:53]} Bd7 {[%clk 1:33:17]} 9. Qg3 {[%clk 1:05:58]} Nf6 {[%clk
1:32:36]} 10. f4 {[%clk 1:02:41]} Rc8 {[%clk 1:30:15]} 11. Bd3 {[%clk 0:59:08]}
b5 {[%clk 1:26:46]} 12. Kb1 {[%clk 0:53:46]} g6 {[%clk 1:12:52]} 13. Nxc6 {[%clk
0:34:53]} Bxc6 {[%clk 1:11:48]} 14. Bd4 {[%clk 0:33:32]} Be7 {[%clk 1:04:29]} 15.
e5 {[%clk 0:31:04]} dxe5 {[%clk 0:43:07]} 16. fxe5 {[%clk 0:30:46]} Nd7 {[%clk
0:38:31]} 17. h4 {[%clk 0:18:57]} Qb7 {[%clk 0:25:29]} 18. h5 {[%clk 0:10:41]} g5
{[%clk 0:25:28]} 19. h6 {[%clk 0:08:06]} b4 {[%clk 0:14:49]} 20. Ne2 {[%clk
0:08:11]} Bxg2 {[%clk 0:14:50]} 21. Bxa6 {[%clk 0:06:05]} Qxa6 {[%clk 0:14:56]}
22. Qxg2 {[%clk 0:06:31]} Nb8 {[%clk 0:11:24]} 23. Qf2 {[%clk 0:03:20]} Nc6
{[%clk 0:10:40]} 24. Rhf1 {[%clk 0:02:49]} O-O {[%clk 0:08:47]} 25. Nc1 {[%clk
0:02:15]} Qb5 {[%clk 0:07:02]} 26. Qe3 {[%clk 0:01:44]} Kh8 {[%clk 0:06:31]} 27.
Nb3 {[%clk 0:01:42]} Na5 {[%clk 0:05:02]} 28. Rf2 {[%clk 0:00:45]} Nxb3 {[%clk
0:04:09]} 29. Qxb3 {[%clk 0:00:47]} Rcd8 {[%clk 0:03:19]} 30. Rfd2 {[%clk
0:00:55]} Qc6 {[%clk 0:02:50]} 31. Qe3 {[%clk 0:00:59]} Rd7 {[%clk 0:01:17]} 32.
Rd3 {[%clk 0:00:43]} Ra8 {[%clk 0:00:44]} 33. Qf2 {[%clk 0:00:36]} Rf8 {[%clk
0:00:49]} 34. Re1 {[%clk 0:00:52]} Qc4 {[%clk 0:00:33]} 35. Rg1 {[%clk 0:00:51]}
Rd5 {[%clk 0:00:35]} 36. Qe3 {[%clk 0:00:33]} Rc8 {[%clk 0:00:40]} 37. Qf2 {[%clk
0:00:32]} Rf8 {[%clk 0:00:49]} 38. Rf1 {[%clk 0:00:33]} Qa6 {[%clk 0:00:36]} 39.
Rg1 {[%clk 0:00:32]} Ra5 {[%clk 0:00:33]} 40. Rf3 {[%clk 0:30:32]} Rxa2 {[%clk
0:30:35]} 41. b3 {[%clk 0:27:15]} Ra8 {[%clk 0:11:48]} 42. Kc1 {[%clk 0:27:32]}
Rd8 {[%clk 0:03:34]} 43. Kb1 {[%clk 0:07:49]} Ra8 {[%clk 0:04:00]} 44. Kc1 {[%clk
0:08:14]} Rd8 {[%clk 0:04:26]} 45. Kb1 {[%clk 0:08:40]} Ra8 {[%clk 0:03:10]}
1/2-1/2